Statistics for Generation 1 Pokémon by First Two Letters in 90 Seconds

Click here to take the quiz!

General Stats

  • This quiz has been taken 190 times
  • The average score is 94 of 151

Answer Stats

# Pokemon % Correct
1Bulbasaur
100%
12Butterfree
100%
4Charmander
98%
5Charmeleon
98%
6Charizard
98%
113Chansey
98%
16Pidgey
97%
150Mewtwo
97%
128Pinsir
97%
52Meowth
97%
25Pikachu
97%
18Pidgeot
97%
17Pidgeotto
97%
151Mew
97%
11Metapod
97%
7Squirtle
97%
49Venomoth
95%
48Venonat
95%
3Venusaur
95%
2Ivysaur
94%
9Blastoise
92%
10Caterpie
92%
8Wartortle
92%
141Kabutops
89%
140Kabuto
89%
64Kadabra
89%
115Kangaskhan
89%
14Kakuna
89%
24Arbok
88%
59Arcanine
88%
13Weedle
88%
69Bellsprout
88%
70Weepinbell
88%
110Weezing
88%
144Articuno
88%
78Rapidash
86%
19Rattata
86%
20Raticate
86%
15Beedrill
86%
26Raichu
86%
81Magnemite
85%
105Marowak
85%
68Machamp
85%
67Machoke
85%
66Machop
85%
127Magmar
85%
130Magikarp
85%
56Mankey
85%
82Magneton
85%
55Golduck
71%
118Goldeen
71%
146Moltres
71%
76Golem
71%
42Golbat
71%
61Poliwhirl
70%
96Drowzee
70%
149Dragonite
70%
148Dragonair
70%
62Poliwrath
70%
147Dratini
70%
60Poliwag
70%
137Porygon
70%
58Growlithe
68%
77Ponyta
68%
94Gengar
68%
75Graveler
68%
74Geodude
68%
145Zapdos
67%
31Nidoqueen
64%
32Nidoran♂
64%
38Ninetales
64%
30Nidorina
64%
33Nidorino
64%
65Alakazam
64%
34Nidoking
64%
29Nidoran♀
64%
23Ekans
62%
63Abra
61%
101Electrode
61%
126Electabuzz
61%
71Victreebel
59%
45Vileplume
59%
109Koffing
55%
53Persian
55%
93Haunter
53%
39Jigglypuff
53%
92Gastly
52%
134Eeevee
52%
22Fearow
52%
37Vulpix
50%
41Zubat
50%
44Gloom
50%
27Sandshrew
50%
28Sandslash
50%
136Flareon
48%
40Wigglytuff
48%
43Oddish
48%
114Tangela
48%
21Spearow
48%
100Voltorb
48%
129Tauros
48%
57Primeape
48%
135Vaporeon
47%
54Psyduck
47%
36Clefable
45%
117Seadra
45%
86Seel
45%
143Snorlax
45%
91Cloyster
45%
119Seaking
45%
35Clefairy
45%
138Omanyte
44%
50Diglett
44%
136Jolteon
44%
132Lapras
44%
139Omastar
44%
133Ditto
44%
142Aerodactyl
41%
131Gyarados
39%
125Jynx
38%
104Cubone
36%
80Slowbro
36%
79Slowpoke
36%
97Hypno
36%
51Dugtrio
36%
89Muk
36%
106Hitmonlee
35%
95Onix
35%
87Dewgong
33%
108Lickitung
32%
102Exeggcute
30%
83Farfetch'd
30%
85Dodrio
30%
47Parasect
30%
46Paras
30%
72Tentacool
30%
73Tentacruel
30%
84Doduo
30%
103Exeggutor
30%
124Scyther
27%
123Mr. Mime
27%
99Kingler
27%
90Shellder
26%
116Horsea
26%
120Staryu
26%
121Starmie
26%
98Krabby
26%
111Rhyhorn
17%
112Rhydon
17%
88Grimer
6%

Score Distribution

Percentile by Number Answered

Percent of People with Each Score

Your Score History

You have not taken this quiz